Sports Quiz

Random Sports or Soccer Quiz
Score 0/48 Timer 05:00
24 Plays Today
Hint Answer % Correct
Group ABrazil
98%
Group ABrazil
98%
Group CBrazil*
98%
Group FBrazil
98%
Group GBrazil
98%
Group EBrazil
98%
Group CFrance*
97.4%
Group AGermany
97.2%
Group DGermany
97.2%
Group EGermany
97.1%
Group FGermany
97.1%
Group GGermany*
97.1%
Group CFrance*
96.9%
Group EFrance
96.9%
Group BSpain
96.5%
Group BSpain
96.4%
Group HSpain
96.4%
Group HSpain*
96.4%
Group BArgentina
96.3%
Group CArgentina
96.3%
Group FArgentina
96.3%
Group HArgentina
96.3%
Group BItaly
94.5%
Group EItaly*
94.5%
Hint Answer % Correct
Group BEngland
94%
Group DPortugal
91.1%
Group AUruguay
90.1%
Group BNetherlands
88.9%
Group ENetherlands
88.9%
Group ENetherlands
88.9%
Group GBelgium
88.2%
Group AUruguay
88.1%
Group CUnited States
87.4%
Group FSweden
86.7%
Group GMexico
85%
Group HBelgium
84.4%
Group DCroatia
84.2%
Group HJapan
84%
Group FSweden
83.1%
Group HColombia
81%
Group CColombia
78.9%
Group DSouth Korea
78.1%
Group ADenmark
72%
Group GSwitzerland
66.8%
Group DNigeria
64.2%
Group DCosta Rica
58.4%
Group FParaguay
58.3%
Group GRomania
40.1%
Come Together.
Have Fun.
All Virtual.
We all need to come together. Play Sporcle's virtual live trivia to have fun, connect with people, and get your trivia on. Join a live hosted trivia game for your favorite pub trivia experience done virtually. If a virtual private party is more your thing, go here for details.

You're not logged in!

Compare scores with friends on all Sporcle quizzes.
OR
Log In

Sporcle TV

Today on Sporcle TV


Watch our educational content, quiz creation guides, and fun videos on Sporcle TV.

Show Comments

Extras

Top Quizzes Today


Score Distribution

Paid Content

Your Account Isn't Verified!

In order to create a playlist on Sporcle, you need to verify the email address you used during registration. Go to your Sporcle Settings to finish the process.

Report this User

Report this user for behavior that violates our Community Guidelines.

Details: